| 000 | 00475nam a2200157 a 4500 | ||
|---|---|---|---|
| 005 | 20140412111237.0 | ||
| 008 | 010404s19uu xx 00 eng d | ||
| 020 | _a0-923573-11-9 | ||
| 050 |
_aTR(GS 414 _bT617 1989 |
||
| 100 | _aToomey, Marilyn M. | ||
| 245 |
_aSound all around : _binitial and final consonants / _cMarilyn M. Tooney. |
||
| 260 |
_aCincinati, Ohio : _bCircuit Publications, _c1989. |
||
| 300 | _a1 v. (unp.) ; ill. | ||
| 650 | _aPhonetics | ||
| 999 |
_c102533 _d102533 |
||